Pengembaraan Rama Dan Sita
| Main Author: | |
|---|---|
| Format: | Book |
| Published: |
Selangor :
Penerbit Pan Earth ,
1992
|
| Series: | Siri Rampai Klasik
|
| Subjects: |
MARC
| LEADER | 00000cam a2200000 7i4500 | ||
|---|---|---|---|
| 001 | 0000090582 | ||
| 005 | 20111207.0 | ||
| 008 | 100526 bm | ||
| 020 | |a 9679508121 | ||
| 090 | 0 | 0 | |a JF SIR |
| 100 | 1 | |a Nur Eda Mohd.Roff | |
| 245 | 1 | 0 | |a Pengembaraan Rama Dan Sita |c Nur Eda Mohd.Roff |
| 260 | |a Selangor : |b Penerbit Pan Earth , |c 1992 | ||
| 300 | |a 44p : |b ill ; |c 18cm. | ||
| 440 | 0 | |a Siri Rampai Klasik | |
| 650 | 0 | 0 | |a Junior Fiction |
| 999 | |a 0000117361 |b Buku |c Junior Fiction |e Perpustakaan Cawangan Masjid Tanah | ||